The Rock's WrestleMania Opponents - Statistics

General Stats
  • This quiz has been taken 789 times
    552 since last reset
  • The average score is 14 of 17
Answer Stats
WrestleMania Opponent % Correct
WrestleMania XXVIII John Cena
99%
WrestleMania 29 John Cena
99%
WrestleMania XV Stone Cold Steve Austin
95%
WrestleMania X-7 Stone Cold Steve Austin
95%
WrestleMania XIX Stone Cold Steve Austin
95%
WrestleMania 2000 Triple H
94%
WrestleMania XL Cody Rhodes
93%
WrestleMania XL Seth Rollins
91%
WrestleMania X8 Hulk Hogan
85%
WrestleMania 2000 Mick Foley
84%
WrestleMania 2000 Big Show
81%
WrestleMania 32 Erick Rowan
76%
WrestleMania XX Batista
73%
WrestleMania XX Randy Orton
73%
WrestleMania XX Ric Flair
70%
WrestleMania XIV Ken Shamrock
36%
WrestleMania 13 The Sultan
30%
No matching quizzes found
Score Distribution
Percent of People with Each Score
Percentile by Number Answered
Your Score History
You have not taken this quiz since the last reset